The Expression of HbACSI gene in response to ethylene stimulation and wounding in Hevea brasiliensis (Record no. 70695)

MARC details
000 -LEADER
fixed length control field 00756nam a2200253Ia 4500
100 ## - MAIN ENTRY--AUTHOR NAME
Personal name Kuswanhadi
245 #4 - TITLE STATEMENT
Title The Expression of HbACSI gene in response to ethylene stimulation and wounding in Hevea brasiliensis
260 ## - PUBLICATION, DISTRIBUTION, ETC. (IMPRINT)
Name of publisher IRRDB Workshop on Latex Harvesting Technologies, 5-8 May 2008, Academy Hevea Malaysia, Malaysian Rubber Board, Sungai Buloh, Selangor.
650 ## - SUBJECT ADDED ENTRY--TOPICAL TERM
Topical Term 1-MCP
650 ## - SUBJECT ADDED ENTRY--TOPICAL TERM
Topical Term ACC synthase
650 ## - SUBJECT ADDED ENTRY--TOPICAL TERM
Topical Term Ethylene
650 ## - SUBJECT ADDED ENTRY--TOPICAL TERM
Topical Term Gene expression
650 ## - SUBJECT ADDED ENTRY--TOPICAL TERM
Topical Term Gene isolation
650 ## - SUBJECT ADDED ENTRY--TOPICAL TERM
Topical Term PCR
650 ## - SUBJECT ADDED ENTRY--TOPICAL TERM
Topical Term RT-PCR
650 ## - SUBJECT ADDED ENTRY--TOPICAL TERM
Topical Term Wound
700 ## - ADDED ENTRY--PERSONAL NAME
Personal name Leclercq J
700 ## - ADDED ENTRY--PERSONAL NAME
Personal name Montoro P
700 ## - ADDED ENTRY--PERSONAL NAME
Personal name Rio M
700 ## - ADDED ENTRY--PERSONAL NAME
Personal name Sumarmadji
856 ## - ELECTRONIC LOCATION AND ACCESS
Uniform Resource Identifier Papers only
942 ## - ADDED ENTRY ELEMENTS (KOHA)
Koha item type Journals
Holdings
Withdrawn status Lost status Damaged status Not for loan Home library Current library Shelving location Date acquired Koha item type
      Journals RRII Library RRII Library Physiology 20/06/2008 Journals